Ground-up Java

Сохранить в:
Библиографические подробности
Главный автор: Heller, Philip
Формат:
Язык:Undetermined
Опубликовано: San Francisco Sybex 2004
Предметы:
Метки: Добавить метку
Нет меток, Требуется 1-ая метка записи!
Thư viện lưu trữ: Trung tâm Học liệu Trường Đại học Cần Thơ
LEADER 00541nam a2200193Ia 4500
001 CTU_184341
008 210402s9999 xx 000 0 und d
020 |c 15 
082 |a 005.133 
082 |b H477 
100 |a Heller, Philip 
245 0 |a Ground-up Java 
245 0 |c Philip Heller 
260 |a San Francisco 
260 |b Sybex 
260 |c 2004 
650 |a Java (Computer program language),Java ( chương trình ngôn ngữ máy tính ) 
904 |i QHieu 
980 |a Trung tâm Học liệu Trường Đại học Cần Thơ